000 00919nam a22002297a 4500
008 081021t xxu||||| |||| 00| 0 eng d
010 _aENG-91395
020 _a8187299266
_c100.00
035 _aEN-74928
037 _bDBAD / PUB
040 _adpl
_bEnglish
082 _a591
100 _aAruljothiselvi, S.
245 _aFundamentals of zoology /
_cby S. Aruljothiselvi
260 _aPuducherry
_bPuducherry Co-operative Book Society
_c2008
270 _a17,14th Street, Krishna Nagar,
_bPuducherry
_e605008
300 _avii, 140p.
_c20cm (pbk)
650 _aZoology
942 _2ddc
_cEN
_mARU
_h591
999 _c16955
_d16955